00411nam a22001337a 4500008004100000040005500041080001900096100002800115245004900143246002300192260003300215300001100248650001800259230630b |||||||| |||| 00| 0 eng d aNational Science LibrarycNational Science Library a82-ISHA bQ8,2 aSharma, Bhuvneshwarkar  aभारत भूप्रशस्ति: aBhart bhuprashasti aOdisha: bViswamukti, c2018 a115p.  aLand reforms